| 000 | 00701nam a22001817a 4500 | ||
|---|---|---|---|
| 003 | UA-OsUOA | ||
| 001 | 16655 | ||
| 007 | ta | ||
| 008 | 20040118b un ||||| |||| 00| 0 ukr d | ||
| 100 | _aПацьола С. | ||
| 942 | _cSA | ||
| 040 |
_aUA-OsUOA _cUA-OsUOA _dUA-OsUOA |
||
| 245 | _aВід самооцінки - до конкретних шляхів вирішення освітніх проблем: [Такою була мета виїз. колегії від. освіти Сарнен. райдержадмін.] | ||
| 300 | _aС.2 | ||
| 955 | _a0 | ||
| 773 | 0 |
_w0 _tСарненські новини _dСарни _d2003 _g№123/16 груд./ |
|
| 650 | 7 |
_aКраєзнавча робота _2UDC |
|
| 999 |
_c302820 _d302820 |
||